Rubem Alves: el compromiso con la libertad. Introducción a la teología latinoamericana de la liberación
Gespeichert in:
| 1. Verfasser: | |
|---|---|
| Format: | Buch |
| Sprache: | Spanish |
| Veröffentlicht: |
San José, Costa Rica
Arlekín
2021
|
| Schlagworte: | |
| Tags: |
Tag hinzufügen
Keine Tags, Fügen Sie den ersten Tag hinzu!
|
MARC
| LEADER | 00000nam a22000007a 4500 | ||
|---|---|---|---|
| 008 | 170809b xxu||||| |||| 00| 0 spa d | ||
| 040 | |a cru BVZT | ||
| 090 | |a 100 G-4r | ||
| 100 | |a Gallardo, Helio |9 611 | ||
| 245 | |a Rubem Alves: el compromiso con la libertad. Introducción a la teología latinoamericana de la liberación |c Helio Gallardo | ||
| 260 | |a San José, Costa Rica |b Arlekín |c 2021 | ||
| 300 | |a 422 páginas | ||
| 546 | |a Español | ||
| 650 | |a FILOSOFÍA |9 5 | ||
| 650 | 0 | |a TEOLOGÍA DE LA LIBERACIÓN |9 971 | |
| 650 | 0 | |a TEOLOGÍA LATINOAMERICANA |9 290 | |
| 651 | 0 | |9 1433 |a ANTROPOLOGÍA | |
| 999 | |c 30962 |d 30962 | ||
| 942 | |c 15 D |h 100 G-4r |2 z | ||
